| 000 | 01554cam a2200421 a 4500 | ||
|---|---|---|---|
| 001 | 22177 | ||
| 003 | VRT | ||
| 005 | 20260321114921.0 | ||
| 008 | 251031s2007 xo g 000 f slo | ||
| 015 | _aSNBA2007/08-03595 | ||
| 020 |
_a9788055113609 _q(viaz.) |
||
| 035 | _a882201CF-7263-4C0D-A338-8C00D796F266 | ||
| 035 | _aurn:nbn:sk:snk-aml7q5 | ||
| 035 | _aurn:nbn:sk:snk-am008tca | ||
| 039 | 9 |
_a202510310917 _bVLOAD _c202403131628 _dVLOAD _c202210181104 _dmsnk170 _c201911101908 _dAUTHORITY |
|
| 040 |
_aVTHK _bslo _cVTHK _dSNK _eAACR2 |
||
| 041 | 1 |
_aslo _heng |
|
| 044 |
_axo _cSK |
||
| 072 | 7 |
_a821.111(73)-3 _xAmerická próza _2konspekt |
|
| 080 |
_a821.111(73)-31 _22001 |
||
| 100 | 1 |
_aSteel, Danielle, _d1947- _4aut |
|
| 240 | 1 | 0 |
_aComing out _lSlovensky |
| 245 | 1 | 0 |
_aDebutantky _cDanielle Steel ; [z anglického originálu preložila Tamara Chovanová] |
| 250 | _a[1.] slov. vyd. | ||
| 260 |
_aBratislava _bIkar _c2007 |
||
| 300 |
_a167 s. _c21 cm |
||
| 655 | 7 |
_aamerické romány _2SNKPH |
|
| 700 | 1 |
_aChovanová, Tamara, _d1953- _4trl |
|
| 942 |
_2ddc _cKLDO _n0 |
||
| 949 |
_63869A09265 _abpksh821.111(73)-31 _bbpksh53797 |
||
| 949 |
_617A0541827 _asnkSC 126837 _bsnk2007/5357 _o276/07 _s6100:20151111 |
||
| 949 |
_6273K0425504 _asvkpoA 195963 _bsvkpo489619 |
||
| 949 |
_62889130325 _asavukPV 10623 _bsavuk2007/1670 |
||
| 949 |
_617A0545825 _asnkSC 126837 D1 _bsnk2007/8508 _o276/07 |
||
| 949 |
_6270001000294315 _asvkbbA 117709 _bsvkbbm 678799* _oTL; |
||
| 980 | _a821.111(73)-31 | ||
| 999 |
_c22177 _d22177 |
||